Statistics for Historical Figures by Letter - F

Click here to take the quiz!

General Stats

  • This quiz has been taken 246 times
  • The average score is 11 of 20

Answer Stats

HintFigure% Correct
Jewish diarist who hid in
an Amsterdam attic
Anne Frank
98%
His assassination started WWIFranz Ferdinand
96%
Founder of psychoanalysisSigmund Freud
92%
Founding father on the $100 billBenjamin Franklin
86%
Assembly line and automobile
pioneer
Henry Ford
85%
His papacy began in 2013Francis
84%
Gunpowder plotterGuy Fawkes
82%
20th century Spanish dictatorFrancisco Franco
78%
Penicillin discovererAlexander Fleming
73%
"The Great Gatsby" authorF. Scott Fitzgerald
68%
"Great" King of PrussiaFrederick II
66%
Englishman who discovered
electromagnetism
Michael Faraday
49%
Italian who helped to develop
the first nuclear reactor
Enrico Fermi
39%
"Madame Bovary"Gustave Flaubert
35%
Portiguese footballer who won the
2000 Ballon d'Ore
Luís Figo
28%
Mexican president who ended
the 71 years of single-party rule
Vicente Fox
22%
Peruvian President imprisoned
for human rights violations
Alberto Fujimori
20%
Wrote "The Feminine Mystique"Betty Friedan
20%
"The History of Sexuality" authorMichel Foucault
9%
Inventor of the electronic televisionPhilo Farnsworth
9%

Score Distribution

Percentile by Number Answered

Percent of People with Each Score

Your Score History

You have not taken this quiz